| 000 | 005590000a22001810004500 | ||
|---|---|---|---|
| 003 | MACL | ||
| 005 | 20160421133746.0 | ||
| 008 | 160421b xxu||||| |||| 00| 0 eng d | ||
| 040 |
_aMACL _cMACL |
||
| 041 | _aHindi | ||
| 082 | _a700 YAD | ||
| 100 |
_aयादव अवधेश _953115 |
||
| 245 | _aपूर्व मध्यकालीन जैन कला | ||
| 260 |
_bविश्वविधालय प्रकाशन _c2007 _aवाराणसी |
||
| 350 | _a250 | ||
| 650 |
_aArchitecture _9259 |
||
| 942 |
_cHIN _k700/YAD _2ddc |
||
| 999 |
_c41169 _d41169 |
||